[Event "Leiden LCT op-B 11th"]
[Site "Leiden"]
[Date "2017.07.15"]
[Round "2"]
[White "Van 't Hoff, Kees"]
[Black "Hilarius, Sander"]
[Result "1/2-1/2"]
[WhiteElo "1798"]
[BlackElo "1941"]
[PlyCount "54"]
[EventDate "2017.07.14"]
[EventType "swiss"]
[EventRounds "9"]
[EventCountry "NED"]
[SourceTitle "EXT 2018"]
[Source "ChessBase"]
[SourceDate "2017.10.13"]
[SourceVersion "1"]
[SourceVersionDate "2017.10.13"]
[SourceQuality "1"]

1. d4 d5 2. c4 c6 3. Nf3 Nf6 4. Nc3 dxc4 5. a4 Bf5 6. e3 e6 7. Bxc4 Bb4 8. 0-0 Nbd7 9. h3 0-0 10. Bd3 Bxd3 11. Qxd3 Qa5 12. Na2 Bd6 13. Bd2 Qc7 14. Bc3 Rad8 15. Qc2 e5 16. dxe5 Nxe5 17. Nxe5 Bxe5 18. Rad1 Nd5 19. Bxe5 Qxe5 20. Rd3 Rd6 21. Rfd1 Rg6 22. Rd4 Qe6 23. Kh2 Qe5+ 24. Kh1 Qg5 25. Rg4 Qe7 26. Rgd4 Qg5 27. Rg4 Qe7 1/2-1/2

[Event "Leiden op-A 10th"]
[Site "Leiden"]
[Date "2016.07.23"]
[Round "8"]
[White "Baak, Karl"]
[Black "Van 't Hoff, Kees"]
[Result "1-0"]
[WhiteElo "1901"]
[BlackElo "1811"]
[PlyCount "47"]
[EventDate "2016.07.15"]
[EventType "swiss"]
[EventRounds "9"]
[EventCountry "NED"]
[SourceTitle "CBM 173 Extra"]
[Source "ChessBase"]
[SourceDate "2016.08.29"]
[SourceVersion "1"]
[SourceVersionDate "2016.08.29"]
[SourceQuality "1"]

1. d4 Nf6 2. Nc3 d5 3. Bg5 Nbd7 4. Qd3 h6 5. Bh4 g5 6. Bg3 c6 7. 0-0-0 Nh5 8. e4 Nxg3 9. Qxg3 Nb6 10. Be2 e6 11. exd5 Nxd5 12. Ne4 Be7 13. Nf3 Nf4 14. Rhe1 f5 15. Nc5 Bxc5 16. dxc5 Qa5 17. Bc4 Qxc5 18. Ne5 0-0 19. h4 Nh5 20. Qc3 Ng7 21. hxg5 b5 22. gxh6 bxc4 23. Rh1 Qe7 24. h7+ 1-0

[Event "Leiden op-A 10th"]
[Site "Leiden"]
[Date "2016.07.22"]
[Round "6"]
[White "Noordijk, Ed"]
[Black "Van 't Hoff, Kees"]
[Result "1-0"]
[WhiteElo "1868"]
[BlackElo "1811"]
[PlyCount "83"]
[EventDate "2016.07.15"]
[EventType "swiss"]
[EventRounds "9"]
[EventCountry "NED"]
[SourceTitle "CBM 173 Extra"]
[Source "ChessBase"]
[SourceDate "2016.08.29"]
[SourceVersion "1"]
[SourceVersionDate "2016.08.29"]
[SourceQuality "1"]

1. Nf3 d5 2. d3 c5 3. Nbd2 Nf6 4. e4 e6 5. c3 Nc6 6. Be2 Be7 7. 0-0 Qc7 8. Qc2 b6 9. Re1 Bb7 10. h3 h6 11. Nf1 Nh5 12. exd5 exd5 13. N3h2 Nf6 14. Bf3 0-0-0 15. Qa4 Bd6 16. Ng4 Nxg4 17. Bxg4+ Kb8 18. Ne3 Ne5 19. Be2 g6 20. d4 Bc6 21. Bb5 cxd4 22. cxd4 Nd3 23. Rd1 Bh2+ 24. Kf1 Nxf2 25. Kxf2 Qg3+ 26. Ke2 Bxb5+ 27. Qxb5 Rhe8 28. Kd3 f5 29. Kc2 f4 30. Nxd5 Qxg2+ 31. Rd2 Qe4+ 32. Qd3 Bg1 33. Qxe4 Rxe4 34. Nc3 Re1 35. Rg2 Be3 36. Rxg6 f3 37. Rf6 Bxc1 38. Rxc1 f2 39. Rxf2 Rxc1+ 40. Kxc1 Rxd4 41. Rf3 Rh4 42. Kd2 1-0

[Event "Maastricht Limburg op-B 8th"]
[Site "Maastricht"]
[Date "2014.06.09"]
[Round "6"]
[White "Van 't Hoff, Kees"]
[Black "Van de Griend, Johan"]
[Result "1/2-1/2"]
[WhiteElo "1793"]
[BlackElo "1963"]
[PlyCount "66"]
[EventDate "2014.06.06"]
[EventType "swiss"]
[EventRounds "7"]
[EventCountry "NED"]
[SourceTitle "EXT 2015"]
[Source "ChessBase"]
[SourceDate "2014.11.20"]
[SourceVersion "1"]
[SourceVersionDate "2014.11.20"]
[SourceQuality "1"]

1. d4 d5 2. c4 c6 3. Nf3 Nf6 4. Nc3 e6 5. Bf4 Bb4 6. Qc2 Qa5 7. Bd2 Nbd7 8. e3 0-0 9. Be2 Re8 10. 0-0 e5 11. dxe5 Nxe5 12. Nxe5 Rxe5 13. a3 Be7 14. Nxd5 Qd8 15. Nxe7+ Qxe7 16. Bc3 Bf5 17. Bd3 Bxd3 18. Qxd3 Rh5 19. f3 Rd8 20. Qe2 Re8 21. e4 Qc5+ 22. Kh1 Rh6 23. b4 Qh5 24. g4 Qg6 25. Bd2 Nxe4 26. fxe4 Rh4 27. Rf4 Qd6 28. Raf1 f6 29. Be3 Qe6 30. Kg2 g5 31. Rxf6 Qxe4+ 32. R6f3 Rxg4+ 33. Kh1 Rf8 1/2-1/2